Quick Pick: Cow Breeds Quiz Stats

 Plays Quiz Updated May 10, 2017

Support Sporcle.
Go Orange.
Score 0/10 Timer 01:00
0 Plays Today
% Correct
Angus
92.6%
Texas Longhorn
91.7%
Jersey
88.8%
Hereford
85.2%
Guernsey
81.8%
Holstein-Friesian
81.5%
Scottish Highland
77.5%
Brahman
63.7%
Charolais
54.3%
Belted Galloway
52%

Today's Daily Dose

Missing Word
'Y-Z' Pairs

Quick Pick
MCU Directors

You're not logged in!

Compare scores with friends on all Sporcle quizzes.
OR
Log In
Forgot?

From the Vault

'Y' in Geography

by RobPro

'Y' go to these places? Because they're there.
Remove Ads.
Support Sporcle.
Get the best of Sporcle when you Go Orange. This ad-free experience offers more features, more stats, and more fun while also helping to support Sporcle. Thank you for becoming a member.

Show Comments

Extras

Top Quizzes Today


Score Distribution

Your Account Isn't Verified!

In order to create a playlist on Sporcle, you need to verify the email address you used during registration. Go to your Sporcle Settings to finish the process.

Report this User

Report this user for behavior that violates our Community Guidelines.

Details: